000 00884nam a2200253Ia 4500
003 OSt
005 20221005112057.0
006 a|||||r|||| 00| 0
007 ta
008 221004b |||||||| |||| 00| 0 hin d
024 _a33104
037 _cTextual
040 _aCRL
_cCRL
_bhin
041 _2hin
_ahin
082 _aR6:g, M6
100 _aवेदालंकार, जयदेव
245 0 _aभारतीय दर्शन की समस्यायें
246 _aBhāratīya darshan kī samasyāyean
260 _aहरिद्वार
_bप्राच्य विद्याशोध प्रकाशन भारत
_c1986
300 _a400पृ.
_ccm.
650 _aहिन्दी साहित्य
942 _hR6:g, M6
_cTEXL
_2cc
999 _c1023756
_d1023756